La Ley 25.152, de solvencia fiscal y sus peripecias

Guardado en:
Detalles Bibliográficos
Autor principal: Atchabahian, Adolfo
Formato: Desconocido
Aporte de:Registro referencial: Solicitar el recurso aquí
LEADER 00316 a2200109 4500
001 ART_7263
005 20260410161623.0
008 260409a
245 1 0 |a La Ley 25.152, de solvencia fiscal y sus peripecias 
100 1 |a Atchabahian, Adolfo 
773 0 |t Enfoques  |g - Nº 1 (ene. 2012)  |w REV416 
999 |c 11750  |d 11750